000 00354nam a2200145 i 4500
001 bg
100 1 _aFAVRET, Andrew G.
245 0 _aDigital computer principles and applications /
_cAndrew G. Favret.
260 _aNew York,
_c1972.
040 _cBPK
041 _apol
080 _a681.32
942 _cKS
008 s pl f |000 0 pol
999 _c14699
_d14699
856 _uhttp://koha.tu.koszalin.pl/cgi-bin/koha/opac-detail.pl?biblionumber=14699
_yKatalog online BPK